000 00864nam1a22002411 4500
001 rc\4541484
005 20130416182821.4
035 _a(NLR Aleph) 008360698
090 _a8996243
_c8996243
100 _a20130416d1961 |||y0rusy50 ca
101 0 _arus
102 _aRU
105 _a z |||||
200 1 _aКонспект лекций по теме "Комплексное зондирование атмосферы"
_eРадиозонд РКЗ-1
_eЧ. 1-
_fЛенингр. краснознам. воен.-воздуш. инж. акад. им. А.Ф. Можайского
210 _aЛенинград
_cБ. и.
_d1961
215 _d28
300 _aЛитогр.
700 1 _aКоковин
_bН. С.
_gНиколай Сергеевич
801 0 _aRU
_bNLR
_gpsbo
801 1 _aRU
_bELAR
_2rusmarc
852 _aNLR
_j61-8/1114
942 _cBOOK
980 _aNB